[Event "Gelsenkirchen Koenigsspringer op"]
[Site "Gelsenkirchen"]
[Date "2019.12.28"]
[Round "4"]
[White "Koch, Burkhard"]
[Black "Kasprowski, Henryk"]
[Result "0-1"]
[WhiteElo "1852"]
[BlackElo "1696"]
[PlyCount "58"]
[EventDate "2019.12.27"]
[EventType "swiss"]
[EventRounds "7"]
[EventCountry "GER"]
[SourceTitle "CBM 194 Extra"]
[Source "ChessBase"]
[SourceDate "2020.03.31"]
[SourceVersion "1"]
[SourceVersionDate "2020.03.31"]
[SourceQuality "1"]

1. e4 c5 2. Nc3 e6 3. f4 a6 4. Nf3 Qc7 5. d3 d6 6. g3 Nd7 7. Bg2 Ngf6 8. 0-0 Be7 9. Qe1 0-0 10. Bd2 Rb8 11. Qe2 b5 12. Rae1 Bb7 13. e5 Nd5 14. exd6 Bxd6 15. Ng5 Nxc3 16. Bxc3 Bxg2 17. Qxg2 b4 18. Bd2 c4 19. f5 exf5 20. Rxf5 Nf6 21. Qh3 h6 22. Ne4 Be5 23. Nxf6+ Bxf6 24. Rxf6 gxf6 25. Bxh6 Qb6+ 26. Kf1 f5 27. Qxf5 Qxh6 28. Re4 Rb6 29. Rxc4 Rf6 0-1

[Event "Ruhrgebiet Verbandsklasse Gruppe 2 1718"]
[Site "Germany"]
[Date "2018.01.14"]
[Round "5.5"]
[White "Koch, Burkhard"]
[Black "Ophoven, Hermann"]
[Result "1/2-1/2"]
[WhiteElo "1752"]
[BlackElo "1734"]
[PlyCount "22"]
[EventDate "2017.09.17"]
[EventType "team-tourn"]
[EventRounds "9"]
[EventCountry "GER"]
[SourceTitle "EXT 2022"]
[Source "ChessBase"]
[SourceDate "2021.10.06"]
[SourceVersion "1"]
[SourceVersionDate "2021.10.06"]
[SourceQuality "1"]
[WhiteTeam "Hoentrop SG"]
[BlackTeam "Steele/Kray Rochade"]
[WhiteTeamCountry "GER"]
[BlackTeamCountry "GER"]

1. e4 g6 2. d4 Bg7 3. Nf3 d6 4. Bc4 e6 5. Nc3 c6 6. a3 Nd7 7. Be3 a6 8. 0-0 Qc7 9. Re1 Ne7 10. Bf4 0-0 11. e5 d5 1/2-1/2

[Event "Gelsenkirchen Silvester op 4th"]
[Site "Gelsenkirchen"]
[Date "2016.12.27"]
[Round "1"]
[White "Wingerning, Fynn"]
[Black "Koch, Burkhard"]
[Result "0-1"]
[WhiteElo "1119"]
[BlackElo "1822"]
[PlyCount "56"]
[EventDate "2016.12.27"]
[EventType "swiss"]
[EventRounds "5"]
[EventCountry "GER"]
[SourceTitle "EXT 2019"]
[Source "ChessBase"]
[SourceDate "2018.10.10"]
[SourceVersion "1"]
[SourceVersionDate "2018.10.10"]
[SourceQuality "1"]

1. e4 e6 2. d4 d5 3. exd5 exd5 4. Nf3 Nf6 5. Nc3 c6 6. Bd3 Be7 7. Qe2 0-0 8. 0-0 Bg4 9. Bg5 Nbd7 10. Rfe1 Re8 11. h3 Bxf3 12. gxf3 Qc7 13. Qe3 Bd6 14. Qd2 h6 15. Bh4 Bf4 16. Rxe8+ Rxe8 17. Bg3 Bxg3 18. fxg3 Qxg3+ 19. Qg2 Re1+ 20. Rxe1 Qxe1+ 21. Qf1 Qe3+ 22. Qf2 Qc1+ 23. Kg2 Nh5 24. Qh4 Nf4+ 25. Kg3 Qg1+ 26. Kxf4 g5+ 27. Kf5 gxh4 28. f4 Qg6# 0-1

[Event "Ruhrgebiet Verbandsliga Gruppe 1 1415"]
[Site "Germany"]
[Date "2015.02.08"]
[Round "6.5"]
[White "Koch, Burkhard"]
[Black "Schlueter, Christoph"]
[Result "0-1"]
[WhiteElo "1889"]
[BlackElo "1966"]
[PlyCount "80"]
[EventDate "2014.09.21"]
[EventType "team-tourn"]
[EventRounds "9"]
[EventCountry "GER"]
[SourceTitle "EXT 2022"]
[Source "ChessBase"]
[SourceDate "2021.10.06"]
[SourceVersion "1"]
[SourceVersionDate "2021.10.06"]
[SourceQuality "1"]
[WhiteTeam "Hoentrop SG"]
[BlackTeam "Kirchhellen SF"]
[WhiteTeamCountry "GER"]
[BlackTeamCountry "GER"]

1. e4 c5 2. Nc3 e6 3. Nf3 a6 4. d4 cxd4 5. Nxd4 Qc7 6. Be2 Nf6 7. a3 Nc6 8. Nxc6 bxc6 9. 0-0 Bc5 10. g3 h6 11. e5 Qxe5 12. Bf4 Qd4 13. Qe1 Be7 14. Rd1 Qa7 15. Bf3 d5 16. Qe5 0-0 17. Be3 Qb8 18. Bd4 c5 19. Qxb8 Rxb8 20. Be5 Rb7 21. b3 Nd7 22. Bf4 Bf6 23. Na4 Be7 24. Rfe1 g5 25. Bc1 Bf6 26. Kg2 Rc7 27. Bb2 Bxb2 28. Nxb2 Bb7 29. c3 Rb8 30. Rc1 a5 31. b4 axb4 32. axb4 cxb4 33. cxb4 Rxc1 34. Rxc1 Ne5 35. Rc7 g4 36. Be2 d4+ 37. Kf1 Bf3 38. Nd3 Nxd3 39. Bxd3 Rxb4 40. Rc8+ Kg7 0-1

[Event "Ruhrgebiet Verbandsliga2 1213"]
[Site "Nordrheinwestfalen"]
[Date "2013.01.13"]
[Round "5.7"]
[White "Dreesbach, Christoph"]
[Black "Koch, Burkhard"]
[Result "1/2-1/2"]
[WhiteElo "1712"]
[BlackElo "1845"]
[PlyCount "24"]
[EventDate "2012.09.02"]
[EventType "team-tourn"]
[EventRounds "9"]
[EventCountry "GER"]
[SourceTitle "EXT 2020"]
[Source "ChessBase"]
[SourceDate "2019.10.17"]
[SourceVersion "1"]
[SourceVersionDate "2019.10.17"]
[SourceQuality "1"]
[WhiteTeam "Ahlen SV II"]
[BlackTeam "Hoentrop SG"]
[WhiteTeamCountry "GER"]
[BlackTeamCountry "GER"]

1. e4 e6 2. d4 d5 3. exd5 exd5 4. Bd3 Nf6 5. Nc3 Nc6 6. Nge2 Bd6 7. Bg5 Be6 8. Qd2 h6 9. Bh4 g5 10. Bg3 Qd7 11. 0-0-0 0-0-0 12. f3 Nh5 1/2-1/2

[Event "Ruhrgebiet Verbandsliga2 1213"]
[Site "Nordrheinwestfalen"]
[Date "2012.10.28"]
[Round "3.7"]
[White "Boemelburg, Raphael"]
[Black "Koch, Burkhard"]
[Result "1-0"]
[WhiteElo "1912"]
[BlackElo "1845"]
[PlyCount "43"]
[EventDate "2012.09.02"]
[EventType "team-tourn"]
[EventRounds "9"]
[EventCountry "GER"]
[SourceTitle "EXT 2020"]
[Source "ChessBase"]
[SourceDate "2019.10.17"]
[SourceVersion "1"]
[SourceVersionDate "2019.10.17"]
[SourceQuality "1"]
[WhiteTeam "Muelheim Nord III"]
[BlackTeam "Hoentrop SG"]
[WhiteTeamCountry "GER"]
[BlackTeamCountry "GER"]

1. e4 e6 2. d3 d5 3. Nd2 c5 4. Ngf3 Nc6 5. g3 Nf6 6. Bg2 Be7 7. 0-0 0-0 8. Re1 Qc7 9. Qe2 d4 10. e5 Nd5 11. Nf1 b5 12. h4 Bb7 13. N1h2 Rae8 14. Ng5 Bxg5 15. hxg5 Nce7 16. Qh5 Ng6 17. Ng4 f5 18. exf6 gxf6 19. gxf6 Nxf6 20. Nxf6+ Rxf6 21. Bxb7 Rf5 22. Qh1 1-0